[Event "Tromsoesjakken op"]
[Site "Tromsoe"]
[Date "2007.11.16"]
[Round "4"]
[White "Bolstad, Fredrik"]
[Black "Jakobsen, Jarle"]
[Result "0-1"]
[WhiteElo "1230"]
[BlackElo "1337"]
[PlyCount "90"]
[EventDate "2007.11.16"]
[EventType "swiss"]
[EventRounds "5"]
[EventCountry "NOR"]
[SourceTitle "EXT 2010"]
[Source "ChessBase"]
[SourceDate "2010.11.25"]
[SourceVersion "1"]
[SourceVersionDate "2010.11.25"]
[SourceQuality "1"]

1. c4 Nf6 2. Nc3 g6 3. g3 Bg7 4. Bg2 0-0 5. Nf3 d6 6. d4 c6 7. e4 Bg4 8. h3 Bxf3 9. Bxf3 Nbd7 10. 0-0 Qc7 11. Bg2 e5 12. d5 Rfe8 13. Bd2 Nc5 14. a3 a5 15. Qc2 Rac8 16. Rab1 Nfd7 17. Rfe1 Nb6 18. b3 Nbd7 19. Kh2 Rb8 20. b4 axb4 21. axb4 Na6 22. b5 Nac5 23. Bf1 Rec8 24. f3 Rf8 25. Kg2 f5 26. exf5 Rxf5 27. bxc6 bxc6 28. dxc6 Rxb1 29. Rxb1 Qxc6 30. Nd5 Bf8 31. Bh6 Nf6 32. Rb6 Qe8 33. g4 Nxd5 34. cxd5 Rf7 35. Bc1 Qa8 36. Bc4 Qa7 37. Rc6 Qa1 38. Qb2 Qa4 39. Qc3 Qd1 40. Bd2 Na4 41. Qd3 Nc5 42. Qe2 Qc2 43. Bd3 Qxd3 44. Qxd3 Nxd3 45. Rc8 Nf4+ 0-1

[Event "Tromsoesjakken op"]
[Site "Tromsoe"]
[Date "2007.11.16"]
[Round "1"]
[White "Jakobsen, Jarle"]
[Black "Jakobsen, Goeran"]
[Result "1-0"]
[WhiteElo "1337"]
[BlackElo "1167"]
[PlyCount "87"]
[EventDate "2007.11.16"]
[EventType "swiss"]
[EventRounds "5"]
[EventCountry "NOR"]
[SourceTitle "EXT 2010"]
[Source "ChessBase"]
[SourceDate "2010.11.25"]
[SourceVersion "1"]
[SourceVersionDate "2010.11.25"]
[SourceQuality "1"]

1. e4 c5 2. Nf3 d6 3. d4 cxd4 4. Nxd4 Nf6 5. Nc3 a6 6. Be3 e5 7. Nb3 Be6 8. f3 Nc6 9. Qd2 d5 10. exd5 Nxd5 11. Nxd5 Qxd5 12. Qxd5 Bxd5 13. 0-0-0 Nb4 14. Nc5 Nxa2+ 15. Kb1 Nb4 16. c3 Ba2+ 17. Kc1 Nd5 18. Bf2 Bxc5 19. Bxc5 b6 20. c4 Rd8 21. Bf2 Nb4 22. Rxd8+ Kxd8 23. Bxb6+ Kd7 24. Be2 Bb3 25. Kd2 Rb8 26. Bc5 Ba4 27. Ra1 Bc6 28. Kc3 Nd5+ 29. cxd5 Bxd5 30. Rxa6 Ke8 31. b4 e4 32. fxe4 Bxe4 33. Bf3 Bxf3 34. gxf3 h5 35. Kc4 g5 36. Rh6 Kd7 37. Rxh5 f6 38. Kd5 Re8 39. Bd4 Ke7 40. Rh7+ Kd8 41. Bxf6+ Kc8 42. Rh8 Rxh8 43. Bxh8 Kd7 44. b5 1-0

[Event "Harstad op-B"]
[Site "Harstad"]
[Date "2006.10.15"]
[Round "5"]
[White "Jakobsen, Jarle"]
[Black "Pettersen, Magnor"]
[Result "0-1"]
[WhiteElo "1109"]
[BlackElo "1158"]
[PlyCount "72"]
[EventDate "2006.10.13"]
[EventType "swiss"]
[EventRounds "5"]
[EventCountry "NOR"]
[SourceTitle "EXT 2008"]
[Source "ChessBase"]
[SourceDate "2007.11.25"]
[SourceVersion "1"]
[SourceVersionDate "2007.11.25"]
[SourceQuality "1"]

1. e4 c5 2. Nf3 d6 3. d4 cxd4 4. Nxd4 Nf6 5. Nc3 a6 6. Be3 Qc7 7. f3 e6 8. Qd2 Be7 9. 0-0-0 Nc6 10. g4 b5 11. h4 b4 12. Nb1 Nxd4 13. Bxd4 e5 14. Be3 Rb8 15. h5 h6 16. g5 Nd7 17. gxh6 gxh6 18. Bxh6 Nc5 19. Bc4 b3 20. Nc3 Be6 21. axb3 Bxc4 22. bxc4 Ne6 23. f4 Rxh6 24. fxe5 Bg5 25. Qxg5 Nxg5 26. exd6 Qb6 27. d7+ Kd8 28. Na4 Qe3+ 29. Kb1 Qa3 30. b3 Qxa4 31. Rhg1 Rxb3+ 32. cxb3 Qxb3+ 33. Ka1 Qa3+ 34. Kb1 Rb6+ 35. Kc2 Rb2+ 36. Kc1 Qa1# 0-1

[Event "NOR-chB"]
[Site "Moss"]
[Date "2006.07.10"]
[Round "4"]
[White "Jakobsen, Jarle"]
[Black "Steinskog, Asbjorn Ottesen"]
[Result "1-0"]
[WhiteElo "993"]
[BlackElo "1073"]
[PlyCount "77"]
[EventDate "2006.07.08"]
[EventType "swiss"]
[EventRounds "9"]
[EventCountry "NOR"]
[SourceTitle "EXT 2007"]
[Source "ChessBase"]
[SourceDate "2006.11.23"]
[SourceVersion "1"]
[SourceVersionDate "2006.11.23"]
[SourceQuality "1"]

1. e4 e5 2. Nf3 Nc6 3. Bc4 Nf6 4. Ng5 d5 5. exd5 Na5 6. Bb5+ c6 7. dxc6 bxc6 8. Be2 h6 9. Nf3 Qc7 10. Nc3 Bd6 11. d3 0-0 12. 0-0 Rd8 13. Bd2 Nb7 14. a3 Nd5 15. Ne4 f5 16. Nxd6 Qxd6 17. d4 e4 18. Ne5 c5 19. Nc4 Qf6 20. dxc5 f4 21. Re1 f3 22. Bf1 Qg6 23. Ne5 Qf5 24. Nc6 Rd7 25. Nd4 Qg6 26. c6 Rf7 27. cxb7 Bxb7 28. g3 Rc8 29. c4 Nf6 30. Nb5 Qh5 31. Nd6 Ba6 32. Nxc8 Bxc4 33. Bxc4 Ng4 34. h4 g5 35. Bxf7+ Kxf7 36. Qb3+ Kg7 37. Bc3+ Kh7 38. Qb7+ Kg8 39. Qg7# 1-0

[Event "NOR-chT north"]
[Site "Harstad"]
[Date "2006.01.29"]
[Round "5"]
[White "Utheim, Marius"]
[Black "Jakobsen, Jarle"]
[Result "1-0"]
[WhiteElo "994"]
[BlackElo "994"]
[PlyCount "61"]
[EventDate "2006.01.27"]
[EventType "team"]
[EventRounds "5"]
[EventCountry "NOR"]
[SourceTitle "EXT 2008"]
[Source "ChessBase"]
[SourceDate "2007.11.25"]
[SourceVersion "1"]
[SourceVersionDate "2007.11.25"]
[SourceQuality "1"]

1. e4 e6 2. d4 d5 3. e5 c5 4. c3 Nc6 5. Nf3 Qb6 6. Bd3 Nge7 7. 0-0 Bd7 8. Be3 Qxb2 9. Nbd2 Qxc3 10. Nb3 c4 11. Rc1 Qb4 12. Bd2 Qb6 13. Bxc4 dxc4 14. Nc5 Nxd4 15. Nxd7 Nxf3+ 16. gxf3 Qc7 17. Nxf8 Kxf8 18. Bb4 Qxe5 19. Qd7 Qg5+ 20. Kh1 a5 21. Qxb7 Re8 22. Rg1 Qd5 23. Bxe7+ Rxe7 24. Qb2 Qxf3+ 25. Rg2 f6 26. Qb8+ Re8 27. Qd6+ Kf7 28. Rxc4 Rd8 29. Rc7+ Rd7 30. Qxd7+ Kf8 31. Qd8# 1-0